Filmová libreta

Bibliographic Details
Main Authors: Čapek, Karel, 1890-1938 (Author), Čapek, Josef, 1887-1945 (Author)
Other Authors: Taussig, Pavel, 1949- (Compiler)
Format: Book
Language:Czech
PhysicalDescription:238 s., 24 s. fotogr. príl. fotogr. 16x15 cm
Published: Praha Odeon 1989
Edition:1. vyd.
Series:Odeon
Subjects:

MARC

LEADER 00000nam a2200000 a 4500
001 vtls001285407
003 SK-MaSNL
005 20260301064832.0
008 240314s1989 xr o g 0000m cze
020 |q (viaz.) 
035 |a SNK000236925 
040 |a SNK  |b slo  |c SNK  |e AACR2 
041 0 |a cze 
043 |a e-xr--- 
044 |a xr  |c CZ 
072 7 |a 791  |x Film. Cirkus. Ľudová zábava  |2 konspekt 
080 |a 791.622  |2 2001 
080 |a 791.43  |2 2001 
080 |a (437.3)  |2 2001 
080 |a (0:82-2)791  |2 2001 
080 |a (0:82-4)  |2 2001 
080 |a (046)  |2 2001 
100 1 |a Čapek, Karel,  |d 1890-1938  |4 aut  |9 106564 
245 1 0 |a Filmová libreta  |c Karel a Josef Čapkové ; [texty uspořádal, předmluvu a kalendárium napsal a obrazovou dokumentární přílohu vybral Pavel Taussig] 
250 |a 1. vyd. 
260 |a Praha  |b Odeon  |c 1989 
300 |a 238 s., 24 s. fotogr. príl.  |b fotogr.  |c 16x15 cm 
366 |e 3500 výt. 
490 1 |a Odeon 
504 |a Ed. pozn. Zoz. fotogr. príl. 
600 1 7 |a Čapek, Karel,  |d 1890-1938  |2 SNKMA  |9 106564 
600 1 7 |a Čapek, Josef,  |d 1887-1945  |2 SNKMA  |9 106820 
650 0 7 |a kinematografia  |2 SNKPH  |9 3169 
650 0 7 |a film  |2 SNKPH  |9 1425 
651 7 |a Česko  |2 SNKPH  |9 16753 
655 7 |a filmové scenáre  |2 SNKPH  |9 81683 
655 7 |a fejtóny  |2 SNKPH  |9 70653 
655 7 |a články  |2 SNKPH  |9 70601 
700 1 |a Čapek, Josef,  |d 1887-1945  |4 aut  |9 106820 
700 1 |a Taussig, Pavel,  |d 1949-  |4 com  |9 382698 
830 0 |a Odeon  |9 304247 
852 |a Akadémia umení v Banskej Bystrici 
958 |a SV 
958 |a OND 
999 |c 628397  |d 630327 
952 |a SNK  |b SNK  |y VYP  |7 0  |p 17A0065831  |o snkID 88947 D1  |i snkKIP 6748/89  |0 0  |1 1  |4 0  |d 1997-04-30  |l 0  |r 2005-01-02 00:00:00  |w 2026-02-23 
952 |a SNK  |b SNK  |y VYP  |7 0  |p 17A0621503  |o snkID 88947  |i snkKIP 6747/89  |0 0  |1 0  |4 0  |d 2009-07-06  |l 0  |r 2026-02-23 17:16:59  |w 2026-02-23